Statistics for Guess The ERB With One Line

Click here to take the quiz!

General Stats

  • This quiz has been taken 120 times
    (45 since last reset)
  • The average score is 10 of 12

Answer Stats

HintAnswer% Correct
"Ask Gus, you don't wanna face off against me"Walter White
95%
"Blow it up like a tuba while I'm balling in Cuba"Vladmir Putin
93%
"​iPhone, iPad, iPwn, iSmack"Bill Gates
90%
"So many dudes been with your mom, who even knows if I’m your father?"Darth Vader
90%
"Everyone knows you're back home like 'Thank God for Pearl Harbor!'"Theodore Roosevelt
90%
"Shook hands with both Ronalds: Reagan and McDonald's, no doubt!"Mikhail Gorbachev
88%
"You got the momma jeans, and a Mr. Fantastic face"Barack Obama
85%
"You fight like the little girls who make your Nike shoes!"Muhammad Ali
85%
"You haven't mentioned me once in your entire battle rap"Hannibal Lecter
83%
"I'm the best mamma-jamma ever stood behind the camera."Alfred Hitchcock
80%
"But between the two of us I think I got the cooler stick! (Swing it!)"Luke Skywalker
80%
"Your the most annoying thing on a beagle since fleas."Ash Ketchum
65%

Score Distribution

Percentile by Number Answered

Percent of People with Each Score

Your Score History

You have not taken this quiz since the last reset